Dược lý thú y Dùng trong các trường Trung học Nông nghiệp địa phương
Spremljeno u:
| Format: | Knjiga |
|---|---|
| Jezik: | Undetermined |
| Izdano: |
Hà Nội
Nông Thôn
1977
|
| Teme: | |
| Oznake: |
Dodaj oznaku
Bez oznaka, Budi prvi tko označuje ovaj zapis!
|
| Thư viện lưu trữ: | Trung tâm Học liệu Trường Đại học Cần Thơ |
|---|
| LEADER | 00487nam a2200157Ia 4500 | ||
|---|---|---|---|
| 001 | CTU_13978 | ||
| 008 | 210402s9999 xx 000 0 und d | ||
| 082 | |a 636.08957 | ||
| 082 | |b D431 | ||
| 245 | 0 | |a Dược lý thú y | |
| 245 | 0 | |b Dùng trong các trường Trung học Nông nghiệp địa phương | |
| 260 | |a Hà Nội | ||
| 260 | |b Nông Thôn | ||
| 260 | |c 1977 | ||
| 650 | |a veterinary pharmacology | ||
| 980 | |a Trung tâm Học liệu Trường Đại học Cần Thơ | ||